000 01157nmc a2200385 a 4500
003 AR-BaBNM
005 20251128204717.0
008 011101s1992 ||||||||||||||000 | spa||
020 _a84-7046-469-8
040 _cAR-BaBNM
100 1 _aPérez Juste, Ramón
245 1 0 _aEvaluación de centros y calidad educativa
260 _aMadrid
_bCincel
_c1992
300 _a274 p.
_bgráfs., tablas
490 0 _aEducación y futuro. Monografías para la reforma
_vv. 19
500 _aIntroducción por los autores
500 _aAnexos p. 255-263
500 _aGlosario p. 248-251
504 _aBibliografía p. 265-274
650 4 _aMETODOS DE EVALUACION
650 4 _aCALIDAD DE LA EDUCACION
650 4 _aPROYECTOS EDUCACIONALES
650 4 _aTECNICAS DE EVALUACION
650 4 _aOBJETIVOS EDUCACIONALES
650 4 _aAUDITORIA
650 4 _aPLANIFICACION DE LA EDUCACION
650 4 _aDOCENTES
650 4 _aALUMNOS
653 _aPROCESO DE ENSENANZA-APRENDIZAJE
653 _aINSTALACIONES EDUCATIVAS
700 1 _aMartínez Aragón, Lucio
800 1 _aRomán Pérez, Martiniano
_edirector
942 _cBK
998 _cCarmen
999 _c8525
_d8525